| 000 | 00471cam a2200181ua 4500 | ||
|---|---|---|---|
| 020 |
_a81-203-0059-9 _c195.00 |
||
| 041 |
_aeng _h |
||
| 082 |
_a551.8 _bBIL/ST |
||
| 100 | _aBilings, Marland P . | ||
| 245 |
_aSructural geology / _cMarland P Bilings. _hTextual Documents |
||
| 250 |
_a3 / _b. |
||
| 260 |
_aNew Delhi : _bPrentice Hall of India Pvt Ltd. , _c2001. |
||
| 300 | _a606 ; . | ||
| 365 | _a195.00 | ||
| 504 | _a | ||
| 942 | _cBK | ||
| 999 |
_c9610 _d9610 |
||